• 首页
  • 本馆介绍
  • 公告通知
  • 最新文献
  • 馆藏检索
  • 电子资源
  • 读者导购
  • 参考咨询
  • 我的图书馆
  • 登录
  • 详细信息显示
  • 放入我的书架
  • 预约/预借图书
  • 作者相关作品
  • 分类相关作品
  • 丛书相关作品
  • 出版社相关作品

书目信息

  • 表格格式
  • 工作单格式
  • 卡片格式
书名: Soul by soul
作者: Walter Johnson.
分册号:
分册名:
出版地: Cambridge, Mass. :
 
出版社: Harvard University Press
出版时间: c1999.
页数: 283 p. :
开本: 25 cm.
丛书名:
中图分类号:
科图分类号:
其他分类号: K712.8
主题词:
电子资源:
000 01616cam 2200361 a 4500
001 E0739740704
005 20070513110518.12
008 990901s1999 maua b 001 0 eng
010    @a 99046696
020    @a0674821483 (alk. paper).
020    @a0674005392 (pbk.).
040    @aDLC@cDLC@dC#P@dUKM@dNOR@dOCL
043    @an-us-la
050 00 @aF379.N59@bN4 1999
082 00 @a976.3/3500496 @2 21
090    @aK712.8/X31
090    @aK712.8
092    @aCN@b社-581
093    @aK712.8 @2 4
099    @dK712.8@ex36
100 1  @aJohnson, Walter,@d1967-
245 10 @aSoul by soul :@blife inside the antebellum slave market / @cWalter Johnson.
260    @aCambridge, Mass. :@bHarvard University Press,@cc1999.
300    @a283 p. :@bill. ;@c25 cm.
504    @aIncludes bibliographical references (p. [223]-273) and index.
505 00 @gch. 1.@tChattel principle --@gch. 2.@tBetween the prices --@gch. 3.@tMaking a world out of slaves --@gch. 4.@tTurning people into products --@gch. 5.@tReading bodies and marking race --@gch. 6.@tActs of sale --@gch. 7.@tLife in the shadow of the slave market.
650  0 @aAfrican Americans@zLouisiana@zNew Orleans@xSocial conditions@y19th century.
650  0 @aSlaveholders@zLouisiana@zNew Orleans@xHistory@y19th century.
650  0 @aSlaves@zLouisiana@zNew Orleans@xSocial conditions@y19th century.
650  0 @aSlave trade@zLouisiana@zNew Orleans@xHistory@y19th century.
651  0 @aNew Orleans (La.)@xRace relations.
651  0 @aNew Orleans (La.)@xSocial conditions@y19th century.
920    @a232010@z2
    
    Soul by soul : : life inside the antebellum slave market / / Walter Johnson.-Cambridge, Mass. : : Harvard University Press, , c1999.
    283 p. : : ill. ; ; 25 cm.
    Includes bibliographical references (p. [223]-273) and index.
    
    ISBN 0674821483 (alk. paper).
    
●
相关链接 在E读中查询图书 在五车中查询图书 在当当中查询图书 在豆瓣中查询图书


正题名:Soul by soul     索取号:K712.8/x36         预约/预借

序号 登录号 条形码 馆藏地/架位号 状态 备注
1 0008693   300086939   第二样本阅览室/ [索取号:K712.8/x36] 在馆    
2 0008896   300088964   第四借阅区/ [索取号:K712.8/x36] 在馆    
3 0008897   300088973   第四借阅区/ [索取号:K712.8/x36] 在馆    
唐山师范学院图书馆 欢迎您!
大连网信软件有限公司© 版权所有